In search of gold paved streets : Greek immigrant labor in the Far West, 1900-1920

Αποθηκεύτηκε σε:
Λεπτομέρειες βιβλιογραφικής εγγραφής
Κύριος συγγραφέας: Cononelos, Louis James
Μορφή: Βιβλίο
Γλώσσα:English
Δημοσίευση: New York : AMS Press, 1989
Σειρά:Immigrant communities & ethnic minorities in the United States & Canada ; ; 55
Θέματα:
Ετικέτες: Προσθήκη ετικέτας
Δεν υπάρχουν, Καταχωρήστε ετικέτα πρώτοι!

MARC

LEADER 00000cam a2200000 i 4500
001 1/100262
008 000131s1989 eng d
020 |a 0-404-19465-6 
035 |l 10057208 
040 |a GR-MY-UA  |b gre  |e aacr 
041 0 |a eng 
082 0 |a 331.62495079 
100 1 |a Cononelos, Louis James. 
245 1 0 |a In search of gold paved streets :  |b Greek immigrant labor in the Far West, 1900-1920 /  |c Louis James Cononelos 
260 |a New York :   |b AMS Press,   |c 1989 
300 |a 295 p. 
490 1 |a Immigrant communities & ethnic minorities in the United States and Canada  |v ; 55 
650 0 0 |a Alien labor, Greek  |z West (U.S.)  |x History  |y 20th century. 
650 0 0 |a Greeks  |z West (U.S.)  |x History  |y 20th century. 
650 0 0 |a Immigrants  |z West (U.S.)  |x History  |y 20th century. 
651 0 |a United States  |x Economic conditions  |y 1865-1918. 
830 0 |a Immigrant communities & ethnic minorities in the United States & Canada ;  |v ; 55 
852 |a INST  |b RHODES  |e 20000131  |h 331.62495079 CON  |p 005400014134  |q 005400014134  |t BK  |y 0 
901 |a BIBL4-2000-1 
909 |a Ρ  |b 070456 
922 |a 4ΕΛΗ  |b 199911  |c ΚΠΣ/154  |d GLORY BOOKS 
970 |a ΚΟΥΛΑΚΙΟΤΗ  |b ΛΙΤΣΑ  |z 2000/01/31